Apparat upravlenija vnešnej torgovlej Francii.

Úlohy ministerstva zahraničného obchodu a Strategického Výboru (medzirezortného) pri formovaní exportnej politiky Francúzska. Clá a nepriame dane pri regulovaní exportu. Štátne a spoločenské orgány a ich spolupráca s exportujúcimi podnikmi.

Enregistré dans:
Détails bibliographiques
Auteur principal: Rjabikov, S.
Format: Chapitre de livre
Langue:russe
Sujets:
Tags: Ajouter un tag
Pas de tags, Soyez le premier à ajouter un tag!

MARC

LEADER 00000naa a2200000 4500
001 r001391
005 20220819193655.5
041 0 |a rus 
044 |a [SU] 
245 1 0 |a Apparat upravlenija vnešnej torgovlej Francii.  |c S. Rjabikov 
520 |a Úlohy ministerstva zahraničného obchodu a Strategického Výboru (medzirezortného) pri formovaní exportnej politiky Francúzska. Clá a nepriame dane pri regulovaní exportu. Štátne a spoločenské orgány a ich spolupráca s exportujúcimi podnikmi. 
610 2 0 |a obchod zahraničný 
610 2 0 |a Francúzsko 
610 2 0 |a ministerstvá 
610 2 0 |a riadenie odvetví 
610 2 0 |a politika zahraničnoobchodná 
610 2 0 |a vývoz 
610 2 0 |a clá 
610 2 0 |a dane nepriame 
610 2 0 |a podnik 
100 1 |a Rjabikov, S.